| 000 | 00452nam a22001577a 4500 | ||
|---|---|---|---|
| 005 | 20171215141713.0 | ||
| 020 |
_a9789381703151 _c300.00 |
||
| 037 | _aDBAD/PUB | ||
| 100 | _aBindoni | ||
| 245 |
_aCrimson rainclouds / _cBindoni, translated from manipuri by L Somi Roy |
||
| 260 |
_aKolkata _bThema _c2012 |
||
| 270 | _a46 Satish Mukherjee Road,Kolkata-700045 | ||
| 300 |
_a63p.1-47 in manipuri _c22cm.(hb) |
||
| 700 | _dRoy, L Somi | ||
| 942 |
_2ddc _cEN |
||
| 999 |
_c148018 _d148018 |
||